Headache in Children and Adolescents A Case-Based Approach /

This book assists appropriate headache assessment and decision-making in pediatrics. It covers many aspects and causes of headache disorders in children and adolescents using case studies to illustrate important points in history, examination, diagnosis, choice of management approach, therapy select...

Πλήρης περιγραφή

Λεπτομέρειες βιβλιογραφικής εγγραφής
Συγγραφή απο Οργανισμό/Αρχή: SpringerLink (Online service)
Άλλοι συγγραφείς: Abu-Arafeh, Ishaq (Επιμελητής έκδοσης), Özge, Aynur (Επιμελητής έκδοσης)
Μορφή: Ηλεκτρονική πηγή Ηλ. βιβλίο
Γλώσσα:English
Έκδοση: Cham : Springer International Publishing : Imprint: Springer, 2016.
Θέματα:
Διαθέσιμο Online:Full Text via HEAL-Link
LEADER 04366nam a22004695i 4500
001 978-3-319-28628-0
003 DE-He213
005 20171009141657.0
007 cr nn 008mamaa
008 160816s2016 gw | s |||| 0|eng d
020 |a 9783319286280  |9 978-3-319-28628-0 
024 7 |a 10.1007/978-3-319-28628-0  |2 doi 
040 |d GrThAP 
050 4 |a RJ1-570 
072 7 |a MJW  |2 bicssc 
072 7 |a MED069000  |2 bisacsh 
082 0 4 |a 618.92  |2 23 
245 1 0 |a Headache in Children and Adolescents  |h [electronic resource] :  |b A Case-Based Approach /  |c edited by Ishaq Abu-Arafeh, Aynur Özge. 
264 1 |a Cham :  |b Springer International Publishing :  |b Imprint: Springer,  |c 2016. 
300 |a XXII, 220 p. 9 illus., 5 illus. in color.  |b online resource. 
336 |a text  |b txt  |2 rdacontent 
337 |a computer  |b c  |2 rdamedia 
338 |a online resource  |b cr  |2 rdacarrier 
347 |a text file  |b PDF  |2 rda 
505 0 |a Introduction -- A Child with Infrequent Attacks of Migraine without Aura -- A Child with Frequent Attacks of Migraine without Aura -- A Child with Chronic Migraine without Aura -- A Child with Infrequent Attacks of Migraine with Aura -- An Adolescent with Frequent Attacks of Migraine with Aura -- A Child with Migraine with Intense Visual Aura/“Alice in Wonderland Syndrome” -- A Child with Hemiplegic Migraine -- A Child with Migraine with Brainstem Aura or Basilar-Type Migraine -- A Child with Infrequent Episodic Tension-Type Headache -- A Child with Frequent Episodic Tension-Type Headache -- A Child with Chronic Tension-Type Headache -- Cases of Cluster Headache -- A Child with “Paroxysmal Hemicrania” -- A Child with Hemicrania Continua -- A Child with Stabbing Headaches -- A Child with Mixed Types of Headache: Tension-Type Headache and Migraine -- An Adolescent with Chronic Daily Headache -- A Child with Headache Attributed to Intracranial Neoplasm -- A Child with Idiopathic Intracranial Hypertension -- A Child with Spontaneous Intracranial Hypotension -- A Child with Migraine and Chiari Malformation Type 1 -- A Child with Sinusitis and Headache -- A Child with Headache and Seizures -- Benign Paroxsymal Vertigo Of Childhood -- A Child with Cyclical Vomiting Syndrome -- A Child with Benign Paroxysmal Torticollis -- A Child with Abdominal Migraine -- A Child with Headache and Chronic Fatigue Syndrome -- A Child with Medication Overuse Headache -- A Child with Thunderclap Headache -- A Child with Trigeminal Neuralgia -- A Child with Headache and Depression -- A Child with Headache and Anxiety Disorder Including School Refusal -- A Child with Headache and Attention Deficit and Hyperactivity Disorder -- A Child with Headache and Substance Abuse -- A Child with Chronic Posttraumatic Headache -- Appendix 1 -- Glossary -- Appendix 2 -- Headache Diary of Children and Adolescents. 
520 |a This book assists appropriate headache assessment and decision-making in pediatrics. It covers many aspects and causes of headache disorders in children and adolescents using case studies to illustrate important points in history, examination, diagnosis, choice of management approach, therapy selection, and communication of the most helpful advice to the child and parents.   Case studies have been taken from real clinical practice and presented in a consistent style. They are discussed by the authors to highlight important points in history, important positive and negative points in examination, the diagnosis, and full analysis and justification of treatment options.     Headache in Children and Adolescents: A Case-Based Approach is an ideal reference for primary care physicians, paediatricians, neurologists and paediatric neurologists in their daily practice, in their consulting rooms and wards. 
650 0 |a Medicine. 
650 0 |a Neurology. 
650 0 |a Pediatrics. 
650 0 |a Primary care (Medicine). 
650 1 4 |a Medicine & Public Health. 
650 2 4 |a Pediatrics. 
650 2 4 |a Primary Care Medicine. 
650 2 4 |a Neurology. 
700 1 |a Abu-Arafeh, Ishaq.  |e editor. 
700 1 |a Özge, Aynur.  |e editor. 
710 2 |a SpringerLink (Online service) 
773 0 |t Springer eBooks 
776 0 8 |i Printed edition:  |z 9783319286266 
856 4 0 |u http://dx.doi.org/10.1007/978-3-319-28628-0  |z Full Text via HEAL-Link 
912 |a ZDB-2-SME 
950 |a Medicine (Springer-11650)